Clifford's halloween / (Record no. 342568)
[ view plain ]
| 000 -LEADER | |
|---|---|
| fixed length control field | 00492nam a2200205Ia 4500 |
| 008 - FIXED-LENGTH DATA ELEMENTS--GENERAL INFORMATION | |
| fixed length control field | 170918s9999 xx 000 0 und d |
| 020 ## - INTERNATIONAL STANDARD BOOK NUMBER | |
| International Standard Book Number | 590442872 |
| 050 ## - LIBRARY OF CONGRESS CALL NUMBER | |
| Item number | B852 1989 |
| 100 ## - MAIN ENTRY--PERSONAL NAME | |
| Personal name | Bridwell, Norman |
| 245 ## - TITLE STATEMENT | |
| Title | Clifford's halloween / |
| 245 ## - TITLE STATEMENT | |
| Statement of responsibility, etc | Norman Bridwell. |
| 260 ## - PUBLICATION, DISTRIBUTION, ETC. (IMPRINT) | |
| Place of publication, distribution, etc | New York : |
| 260 ## - PUBLICATION, DISTRIBUTION, ETC. (IMPRINT) | |
| Name of publisher, distributor, etc | Scholastic, |
| 260 ## - PUBLICATION, DISTRIBUTION, ETC. (IMPRINT) | |
| Date of publication, distribution, etc | 1989 |
| 300 ## - PHYSICAL DESCRIPTION | |
| Extent | unpaged : |
| 300 ## - PHYSICAL DESCRIPTION | |
| Other physical details | colored illustration ; |
| 300 ## - PHYSICAL DESCRIPTION | |
| Dimensions | 21cm. |
| 440 ## - SERIES STATEMENT/ADDED ENTRY--TITLE | |
| Title | Clifford the big red dog. |
| 500 ## - GENERAL NOTE | |
| General note | 370 |
| Withdrawn status | Lost status | Damaged status | Home library | Current library | Date acquired | Total Checkouts | Full call number | Barcode | Date last seen | Price effective from | Koha item type |
|---|---|---|---|---|---|---|---|---|---|---|---|
| Stonyhurst Southville International School (Malarayat) | Stonyhurst Southville International School (Malarayat) | 09/18/2017 | LEX B852 1989 | SSISM1640 | 09/18/2017 | 09/18/2017 | Lexile |